<?xml version="1.0" encoding="UTF-8"?>
<collection xmlns:xsi="http://www.w3.org/2001/XMLSchema-instance" xsi:schemaLocation="http://www.loc.gov/MARC21/slim http://www.loc.gov/standards/marcxml/schema/MARC21slim.xsd" xmlns="http://www.loc.gov/MARC21/slim">
 <record>
  <leader>00000cam a22000004i 4500</leader>
  <controlfield tag="001">UP-99796217612002309</controlfield>
  <controlfield tag="003">Buklod</controlfield>
  <controlfield tag="005">20160411153623.0</controlfield>
  <controlfield tag="006">a     r    |||| u|</controlfield>
  <controlfield tag="007">ta</controlfield>
  <controlfield tag="008">160411s2016    xx     d     r    |||| u|</controlfield>
  <datafield tag="020" ind1=" " ind2=" ">
   <subfield code="a">9781492501626 (hard cover)</subfield>
  </datafield>
  <datafield tag="035" ind1=" " ind2=" ">
   <subfield code="a">(iLib)UPD-00254213678</subfield>
  </datafield>
  <datafield tag="040" ind1=" " ind2=" ">
   <subfield code="a">DLC</subfield>
   <subfield code="d">DCHK</subfield>
   <subfield code="e">RDA</subfield>
  </datafield>
  <datafield tag="041" ind1="0" ind2=" ">
   <subfield code="a">eng</subfield>
  </datafield>
  <datafield tag="090" ind1=" " ind2=" ">
   <subfield code="a">GV 711.5</subfield>
   <subfield code="b">E88 2016</subfield>
  </datafield>
  <datafield tag="110" ind1="2" ind2=" ">
   <subfield code="a">National Strength and Conditioning Association (U.S.)</subfield>
  </datafield>
  <datafield tag="245" ind1="0" ind2="0">
   <subfield code="a">Essentials of strength training and conditioning</subfield>
   <subfield code="c">National Strength and Conditioning Association ; G. Gregory Haff, N. Travis Triplett, editors.</subfield>
  </datafield>
  <datafield tag="250" ind1=" " ind2=" ">
   <subfield code="a">Fourth edition.</subfield>
  </datafield>
  <datafield tag="264" ind1=" " ind2="1">
   <subfield code="a">Champaign, IL</subfield>
   <subfield code="b">Human Kinetics</subfield>
   <subfield code="c">[2016].</subfield>
  </datafield>
  <datafield tag="300" ind1=" " ind2=" ">
   <subfield code="a">xvi, 735 pages</subfield>
   <subfield code="b">color illustrations</subfield>
  </datafield>
  <datafield tag="336" ind1=" " ind2=" ">
   <subfield code="a">text</subfield>
   <subfield code="2">rdacontent</subfield>
  </datafield>
  <datafield tag="337" ind1=" " ind2=" ">
   <subfield code="a">unmediated</subfield>
   <subfield code="2">rdamedia</subfield>
  </datafield>
  <datafield tag="338" ind1=" " ind2=" ">
   <subfield code="a">volume</subfield>
   <subfield code="2">rdacarrier</subfield>
  </datafield>
  <datafield tag="505" ind1="0" ind2="0">
   <subfield code="t">Structure and fuction of body systems</subfield>
   <subfield code="r">N. Travis Triplett --</subfield>
   <subfield code="t">Biomechanics of resistance exercise</subfield>
   <subfield code="r">Jeffrey M. McBride --</subfield>
   <subfield code="t">Bioenergetics of exercise and training</subfield>
   <subfield code="r">Trent J. Herda and Joel T. Cramer --</subfield>
   <subfield code="t">Endocrine responses to resistance training</subfield>
   <subfield code="r">William J. Kraemer, Jakob L. Vingren, and Barry A. Spiering --</subfield>
   <subfield code="t">Adaptations to anaerobic training programs</subfield>
   <subfield code="r">Duncan French --</subfield>
   <subfield code="t">Adaptations to aerobic endurance training programs</subfield>
   <subfield code="r">Ann Swank and Carwyn Sharp --</subfield>
   <subfield code="t">Age- and sex-related differences and their implications for resistance exercise</subfield>
   <subfield code="r">Rhodri S. Lloyd and Avery D. Faigenbaum --</subfield>
   <subfield code="t">Psychology of athletic preparation and performance</subfield>
   <subfield code="r">Traci A. Statler and Andrea M. DuBois --</subfield>
   <subfield code="t">Basic nutrition factors in health</subfield>
   <subfield code="r">Marie Spano --</subfield>
   <subfield code="t">Nutrition strategies for maximizing performance</subfield>
   <subfield code="r">Marie Spano --</subfield>
   <subfield code="t">Performance-enhancing substances and methods</subfield>
   <subfield code="r">Bill Campbell --</subfield>
   <subfield code="t">Principles of test selection and administration</subfield>
   <subfield code="r">Michael McGuigan --</subfield>
   <subfield code="t">Administration, scoring, and interpretation of selected tests</subfield>
   <subfield code="r">Michael McGuigan --</subfield>
   <subfield code="t">Warm-up and flexibility training</subfield>
   <subfield code="r">Ian Jeffreys --</subfield>
   <subfield code="t">Exercise technique for free weights and machine training</subfield>
   <subfield code="r">G. Gregory Haff, Douglas Berninger, and Scott Caulfield --</subfield>
   <subfield code="t">Program design for resistance training</subfield>
   <subfield code="r">Jeremy M. Shappard and N. Travis Triplett -- Program design and teachnique for plyometric training</subfield>
   <subfield code="r">David H. Potach and Donald A. Chu --</subfield>
   <subfield code="t">Program design and technique for speed and agility training</subfield>
   <subfield code="r">Brad H. DeWeese and Sophia Nimphius --</subfield>
   <subfield code="t">Program design and technique for aerobic endurance training</subfield>
   <subfield code="r">Benjamin H. Reuter and J. Jay Dawes --</subfield>
   <subfield code="t">Periodization</subfield>
   <subfield code="r">G. Gregory Haff --</subfield>
   <subfield code="t">Rehabilitation and reconditioning</subfield>
   <subfield code="r">David H. Potach and Terry L. Grindstaff --</subfield>
   <subfield code="t">Facility design, layout, and organization</subfield>
   <subfield code="r">Andrea Hudy --</subfield>
   <subfield code="t">Facility policies, procedures, and legal issues</subfield>
   <subfield code="r">Traci Statler and Victor Brown.</subfield>
  </datafield>
  <datafield tag="650" ind1=" " ind2="0">
   <subfield code="a">Physical education and training.</subfield>
  </datafield>
  <datafield tag="650" ind1=" " ind2="0">
   <subfield code="a">Muscle strength.</subfield>
  </datafield>
  <datafield tag="650" ind1=" " ind2="0">
   <subfield code="a">Physical fitness</subfield>
   <subfield code="x">Physiological aspects.</subfield>
  </datafield>
  <datafield tag="658" ind1=" " ind2=" ">
   <subfield code="a">Advanced Weight Training</subfield>
   <subfield code="c">SS 111.</subfield>
  </datafield>
  <datafield tag="658" ind1=" " ind2=" ">
   <subfield code="a">Methods of Physical Conditioning</subfield>
   <subfield code="c">SS 170.</subfield>
  </datafield>
  <datafield tag="658" ind1=" " ind2=" ">
   <subfield code="a">Ergogenics in Human Movement Related Activities</subfield>
   <subfield code="c">SS 181.</subfield>
  </datafield>
  <datafield tag="658" ind1=" " ind2=" ">
   <subfield code="a">Biomechanics II</subfield>
   <subfield code="c">SS 152.</subfield>
  </datafield>
  <datafield tag="658" ind1=" " ind2=" ">
   <subfield code="a">Applied Exercise Physiology</subfield>
   <subfield code="c">HMS 217.</subfield>
  </datafield>
  <datafield tag="700" ind1="1" ind2=" ">
   <subfield code="a">Haff, G. Gregory</subfield>
   <subfield code="e">editor.</subfield>
  </datafield>
  <datafield tag="700" ind1="1" ind2=" ">
   <subfield code="a">Triplett, N. Travis</subfield>
   <subfield code="e">editor.</subfield>
  </datafield>
  <datafield tag="905" ind1=" " ind2=" ">
   <subfield code="a">FO</subfield>
  </datafield>
  <datafield tag="852" ind1="0" ind2=" ">
   <subfield code="a">UPD</subfield>
   <subfield code="b">DCHK</subfield>
   <subfield code="h">GV 711.5</subfield>
   <subfield code="i">E88 2016</subfield>
  </datafield>
  <datafield tag="942" ind1=" " ind2=" ">
   <subfield code="a">Book</subfield>
  </datafield>
 </record>
</collection>
